| 000 | 00613nam a2200229Ia 4500 | ||
|---|---|---|---|
| 003 | OSt | ||
| 005 | 20230517153652.0 | ||
| 008 | 210423s2013 xx 000 0 und d | ||
| 020 | _a9781429234146 | ||
| 040 | _cAL | ||
| 041 | _aeng | ||
| 082 |
_a574.192 NELD _223 |
||
| 100 |
_aNELSON (David L);COX (Michael M). _9107115 |
||
| 245 | _aLehninger principles of biochemistry. | ||
| 250 | _a6 | ||
| 260 |
_aNew York _bW H Freeman & Co _c2013 |
||
| 300 |
_axxviii,1198 _bPB |
||
| 365 |
_b5352.64 _cINR |
||
| 650 |
_aBiochemistry _9107116 |
||
| 906 | _abiochemistry. ; Lehninger ; principles | ||
| 942 |
_2ddc _cBK |
||
| 999 |
_c164922 _d164922 |
||